000 00643nam a2200181Ia 4500
008 100920s9999 xx 000 0 und d
082 _b18150
_a891.43 थ 63
100 _aखन्ना अन्नपूर्णा.
245 _aकाले सागर की गोद में.
260 _bअमर प्रकाशन, इलाहाबाद.
_c1963
300 _a116
_bसाधी
365 _b2.5
520 _aहिंदी.
630 _aकाले सागर की गोद में.
650 _aहिंदी.
730 _aकाले सागर की गोद में.
942 _cBOOK
999 _c679974
_d679971